00714 a2200193 4500003000400000005001700004008004100021020001800062040000900080082001900089100003000108245008400138250001200222260007200234300001000306942004400316952014300360999001700503OSt20240129122024.0240129b |||||||| |||| 00| 0 eng d a9788193620007 coclc a709.541bRAN/M aRandathani, Husain 91881 aMappila Songs And Performing Arts:bGenesis and Synthesis /cHussain Randathani a1st ed. aKondotty:bMahakavi Moyinkutty Vaidyar Mappila Kala Academy,c2018. a220p. 2ddccBKh709.541iRAN/Mk709.541mRAN/M 00102ddc40708ARTSaMESbMEScISLd2024-01-29l2o709.541 RAN/Mp45007r2025-03-03 14:37:45s2025-02-18v300.00w2024-01-29yBKzGL47R2 c43345d43345